Countries with Overlapping Names - Statistics

General Stats
  • This quiz has been taken 50 times
  • The average score is 22 of 45
Answer Stats
Country % Correct
Pakistan
72%
Turkmenistan
72%
Kazakhstan
69%
Kyrgyzstan
69%
Tajikistan
69%
United Kingdom
69%
Japan
67%
Andorra
67%
Russia
67%
Afghanistan
64%
Iceland
64%
Dominica
64%
Dominican Republic
64%
Panama
64%
Tanzania
64%
Uzbekistan
64%
Belarus
62%
Finland
62%
New Zealand
62%
Niger
62%
Poland
62%
Ireland
59%
Denmark
59%
Germany
59%
Sweden
56%
Switzerland
56%
Thailand
54%
Namibia
54%
Vietnam
49%
Uruguay
38%
Bhutan
33%
Morocco
33%
Nepal
31%
Palau
31%
Saudi Arabia
31%
Guinea-Bissau
26%
Cyprus
23%
Nauru
23%
East Timor
21%
Myanmar
21%
Guatemala
21%
Nicaragua
18%
Seychelles
18%
Lesotho
18%
Marshall Islands
10%
No matching quizzes found
Score Distribution
Percent of People with Each Score
Percentile by Number Answered
Your Score History
You have not taken this quiz